Public Finance and Taxation. (Record no. 3862)

MARC details
005 - DATE AND TIME OF LATEST TRANSACTION
control field 20250612133349.0
020 ## - INTERNATIONAL STANDARD BOOK NUMBER
International Standard Book Number 978-620-5-49617-6
082 ## - DEWEY DECIMAL CLASSIFICATION NUMBER
Classification number 336.41 AME
100 ## - MAIN ENTRY--PERSONAL NAME
Author name AMERA, S. S.
245 ## - TITLE STATEMENT
Title Public Finance and Taxation.
260 ## - PUBLICATION, DISTRIBUTION, ETC.
Name of publisher, distributor, etc. UK,
Date of publication, distribution, etc. LAP Lambert Academic,
Place of publication, distribution, etc. 2022.
300 ## - PHYSICAL DESCRIPTION
Extent 294p.: ill.; figure, table
Other physical details Bibliography
Dimensions 23cm
942 ## - ADDED ENTRY ELEMENTS (KOHA)
Source of classification or shelving scheme Dewey Decimal Classification
Koha item type Books
Holdings
Date last seen Total checkouts Full call number Barcode Cost, replacement price Price effective from Koha item type Lost status Source of classification or shelving scheme Damaged status Not for loan Withdrawn status Home library Current library Shelving location Date acquired Cost, normal purchase price
06/12/2025   336.41 AME 00000012758 608968.98 06/12/2025 Books   Dewey Decimal Classification       College of Business Education Main Library College of Business Education Main Library General Collection 09/17/2024 202989.66
06/12/2025   336.41 AME 00000012759 608968.98 06/12/2025 Books   Dewey Decimal Classification       College of Business Education Main Library College of Business Education Main Library General Collection 09/17/2024 202989.66
06/12/2025   336.41 AME 00000012760 608968.98 06/12/2025 Books   Dewey Decimal Classification       College of Business Education Main Library College of Business Education Main Library General Collection 09/17/2024 202989.66
06/12/2025   336.41 AME 00000012761 608968.98 06/12/2025 Books   Dewey Decimal Classification       College of Business Education Main Library College of Business Education Main Library General Collection 09/17/2024 202989.66
06/12/2025   336.41 AME 00000012762 608968.98 06/12/2025 Books   Dewey Decimal Classification       College of Business Education Main Library College of Business Education Main Library Special Reserve Collection 09/17/2024 202989.66